Statistics for Countries Closest to the Northern Tip of Russia

Click here to take the quiz!

General Stats

  • This quiz has been taken 1,287 times
  • The average score is 21 of 24

Answer Stats

kmcountrymiles% Correct
2296Finland1427
97%
2196Norway1365
97%
2553Sweden1586
96%
3814United Kingdom2370
96%
2643United States1642
95%
2801China1740
94%
3321Estonia2063
94%
3526Latvia2191
94%
2855Mongolia1774
94%
2137Canada1328
93%
3942Japan2449
92%
3703Lithuania2301
92%
3637Belarus2260
91%
3894Denmark2420
91%
2803Kazakhstan1742
87%
4034North Korea2507
87%
3961Poland2461
87%
3916Ukraine2433
86%
4498South Korea2795
84%
3489Iceland2468
82%
4081Uzbekistan2536
74%
4044Kyrgyzstan2513
69%
1841Greenland1206
63%
3763Faroe Islands2338
43%

Score Distribution

Percentile by Number Answered

Percent of People with Each Score

Your Score History

You have not taken this quiz